Catálogo

DESARROLLO ORGANIZACIONAL : (Registro nro. 45608)

Detalles MARC
000 -LEADER
fixed length control field 00922nam a2200193 a 4500
001 - CONTROL NUMBER
control field 45608
005 - DATE AND TIME OF LATEST TRANSACTION
control field 20180714024853.0
008 - FIXED-LENGTH DATA ELEMENTS--GENERAL INFORMATION
fixed length control field 140415s1998 mx 000 0 spa d
020 ## - INTERNATIONAL STANDARD BOOK NUMBER
International Standard Book Number 9701015819
041 ## - LANGUAGE CODE
Language code of text/sound track or separate title spa
082 ## - DEWEY DECIMAL CLASSIFICATION NUMBER
Classification number 658.402
Item number GUI
100 1# - MAIN ENTRY--PERSONAL NAME
Personal name GUIZAR MONTUFAR, RAFAEL
245 10 - TITLE STATEMENT
Title DESARROLLO ORGANIZACIONAL :
Remainder of title PRICIPIOS Y APLICACIONES
250 ## - EDITION STATEMENT
Edition statement 1a ed.
260 ## - PUBLICATION, DISTRIBUTION, ETC.
Place of publication, distribution, etc. MEXICO :
Name of publisher, distributor, etc. MCGRAW-HILL INTERAMERICANA EDITORES,
Date of publication, distribution, etc. 1998
300 ## - PHYSICAL DESCRIPTION
Extent 375
Dimensions 18.9 x 1.3 x 23.5
520 ## - SUMMARY, ETC.
Summary, etc. EL CAMPO DEL DESARROLLO ORGANIZACIONAL EN LOS PAISES LATINOAMERICANOS SE CONSIDERA RELATIVAMENTE NUEVO Y SON MUY ESCASOS LOS ESCRITOS SOBRE EL TEMA. POR ELLO, ESTA OBRA TIENE EL OBJETIVO DE SERVIR COMO BASE TOERICA, CONSIDERANDO MODELOS CLASICOS Y CONTEMPORANEOS EN LA APLICACION DE LOS PROGRAMAS DE CAMBIO QUE EL D.O. OFRECE.
650 14 - SUBJECT ADDED ENTRY--TOPICAL TERM
Topical term or geographic name entry element CIENCIAS ADMINISTRATIVAS
General subdivision DESARROLLO ORGANIZACIONAL
-- RECURSOS HUMANOS
Existencias
Withdrawn status Lost status Source of classification or shelving scheme Damaged status Not for loan Collection code Home library Current library Shelving location Date acquired Source of acquisition Total Checkouts Full call number Barcode Date last seen Date last checked out Price effective from Koha item type Inventory number
    Dewey Decimal Classification     General Biblioteca Karol Wojtyla Biblioteca Karol Wojtyla Sala general 03/12/2013 Compra 2 658.402 GUI 68501 05/01/2026 01/09/2023 03/12/2013 Libro 151000000000000000014366
    Dewey Decimal Classification     General Tehuacán Tehuacán Sala general 03/12/2013 Compra   658.15 GUI 501663 08/01/2025 01/12/2014 03/12/2013 Libro